| 000 | 00899cam a22002771 4500 | ||
|---|---|---|---|
| 001 | 000006608 | ||
| 005 | 20200929153947.0 | ||
| 008 | 760920s1943 mx 000 0 spa | ||
| 010 | _a44008008 | ||
| 035 | _a(OCoLC)2453489 | ||
| 040 |
_aDO-SdBNP _cTNJ _dOCoLC _dDLC |
||
| 042 | _apremarc | ||
| 050 | 0 | 0 |
_aE61 _b.R55 |
| 100 | 1 |
_aRivet, Paul, _d1876-1958. _918323 |
|
| 245 | 0 | 4 |
_aLos origenes del hombre americano, / _ctraduccion espanola de Jose Recasens. |
| 260 |
_aMexico : _b[Cuadernos americanos], _c1943. |
||
| 300 |
_a244 p. : _billus., plates, maps, diagrs. ; _c22 cm. |
||
| 490 | 0 |
_aEdiciones Cuadernos americanos, _v5 |
|
| 504 | _aBibliographical foot-notes. | ||
| 650 | 0 |
_aIndians _xOrigin. _918324 |
|
| 651 | 0 |
_aAmerica _xAntiquities. _918325 |
|
| 650 | 0 |
_aMan _xMigrations. _918326 |
|
| 700 | 1 |
_aRecasens, Jose, _etr. _918327 |
|
| 910 | _aCatalogación por copia / LC | ||
| 082 | _a970.1 | ||
| 999 |
_c6398 _d6398 |
||